Responses for show #4696 - Monday, January 24, 2005

Contestants

Katie Heim, an executive assistant from Huntington Beach, California

Tom McFarland, a graduate student from Boulder, Colorado

Ted Stratton, a reporter from Cleveland Heights, Ohio (whose 1-day cash winnings total $13,399)

Jeopardy! Round responses

U.S. LAKES & RIVERS
YOU'RE A BIG SCREEN MONSTER!
SCIENCE
ETIQUETTE
READER'S DIGEST: AMERICA'S BEST
FRENCH LESSONS
    $200 1
the Missouri

Tom
    $200 8
Dr. Frankenstein

Tom
    $200 19
a hot air balloon

Tom
    $200 26
bride's father

Ted
    $200 12
Casablanca

Tom
    $200 6
Louis XIV

Katie
    $400 2
Lake Tahoe

Ted
    $400 17
the Fly

Ted
    $400 20
Saturn

Ted
    $400 27
a doorman

Katie
    $400 13
the (Chicago) Cubs

Ted
    $400 7
stop

Ted
    $600 3
Potomac

Ted
    $600 18
(Ted: What is the Hunchback of Notre Dame?)
(Katie: What is the Mummy?)

The Invisible Man

TedKatie
Triple Stumper
    $600 21
(Tom: What are planets?)
(Katie: What are asteroids?)

elements

TomKatie
Triple Stumper
    $600 28
(Tom: What is the dessert fork?)

a cocktail fork

Tom
Triple Stumper
    $600 14
Universal

Ted
    $600 9
Cirque du Soleil

Tom
    $800 4
Lake Michigan

Ted
    $800 24
Dracula

Triple Stumper
    $800 22
back-up file

Tom
    $800 29
esquire

Tom
    $800 15
Omaha

Tom
    $800 10
Le Cordon Bleu

Ted
    $1000 5
Snake River

Katie
    $1000 25
the Thing from Another World

Triple Stumper
    $1,800 23
(Tom: What is air pressure?)

sunshine

Tom
    $1000 30
"Goodnight, Ladies"

Triple Stumper
    $1000 16
Memphis

Tom
    $1000 11
(Tom: What is a windmill?)
...
(Alex: Tom, you gave us a little too much information. A windmill is a moulin a vent. We just wanted a [*].)

mill

Tom
Triple Stumper

Scores at the first commercial break (after clue 15):

Ted Tom Katie
$4,000 $1,000 $1,200

Scores at the end of the Jeopardy! Round:

Ted Tom Katie
$4,400 $800 $400

Double Jeopardy! Round responses

SHIPS' NAMES
BUSINESS SHOW
MYTHICAL MENAGERIE
JOSE CAN YOU SEE
BY THE DAWN'S EARLY LIGHT
THE STAR-SPANGLED BANNER
    $400 21
(Tom: What is... hiccup?)

Moonshine

Tom
Triple Stumper
    $400 5
Dallas

Ted
    $400 3
the Minotaur

Tom
    $400 1
(Ted: What is Brazil?)
(Katie: What is Cuba?)
...
(Alex: Chile, Peru, and Bolivia were the other countries.)

Argentina

TedKatie
Triple Stumper
    $400 12
(Tom: What is ivy?)

a morning glory

TomKatie
    $400 16
the War of 1812

Ted
    $800 26
Japan

Tom
    $800 6
Dynasty

Tom
    $800 4
a spider

Ted
    $800 2
the College of Cardinals

Tom
    $800 13
Spain

Triple Stumper
    $800 17
brave

Katie
    $1,000 27
(Tom: Who is Queen Elizabeth?)

Cleopatra

Tom
    $1200 8
Lou Grant

Katie
    $1200 7
an elephant

Ted
    $1200 22
New York

Triple Stumper
    $1200 14
Chaucer

Tom
    $1200 18
(Ted: What is Fort McHenry?)

the Smithsonian

TedTom
    $1600 9
Just Shoot Me

Tom
    $1600 10
snakes

Triple Stumper
    $1600 23
(José) Carerras

Tom
    $1600 24
Monet

Ted
    $1600 19
Maryland

Tom
    $2000 15
WKRP

Ted
    $2000 11
a centaur

Ted
    $500 28
(Tom: What is Bolivia?)

Venezuela

Tom
    $2000 25
eohippus

Triple Stumper
    $2000 20
Fort McHenry

Ted

Scores at the end of the Double Jeopardy! Round:

Ted Tom Katie
$13,200 $8,500 $2,400

[wagering suggestions for these scores]

Final Jeopardy! Round responses

MIDDLE EASTERN AFFAIRS
(Alex: Basically, this is a math question in a historical-political context.)
KatieWhat was June 11, 1967?
$2,300
TomWhat is June 12, 1967?
$8,350
TedWhat is June 10?
$3,800
June 10, 1967

Final scores:

Ted Tom Katie
$17,000 $150 $100
2-day champion: $30,399 2nd place: $2,000 3rd place: $1,000

Game dynamics:

Coryat scores:

Ted Tom Katie
$13,200 $11,800 $2,400
18 R,
3 W
18 R,
8 W
(including 3 DDs)
6 R,
3 W

Combined Coryat: $27,400

The J! Archive is created by fans, for fans. The Jeopardy! game show and all elements thereof, including but not limited to copyright and trademark thereto, are the property of Jeopardy Productions, Inc. and are protected under law. This website is not affiliated with, sponsored by, or operated by Jeopardy Productions, Inc. Join the discussion at JBoard.tv.